LIBRARY ONLINE CATALOGUE

Primer of biostatistics / (Record no. 10268)

MARC details
000 -LEADER
fixed length control field 00646cam a22002172 4500
001 - CONTROL NUMBER
control field 0000024418
005 - DATE AND TIME OF LATEST TRANSACTION
control field 20151217152301.0
008 - FIXED-LENGTH DATA ELEMENTS--GENERAL INFORMATION
fixed length control field 130912s xx 000 0 eng d
020 ## - INTERNATIONAL STANDARD BOOK NUMBER
International Standard Book Number 0071781503 :
040 ## - CATALOGING SOURCE
Original cataloging agency KABU
Transcribing agency KABU
100 1# - MAIN ENTRY--PERSONAL NAME
Personal name Glantz, Stanton A.
-- 0000184539
245 10 - TITLE STATEMENT
Title Primer of biostatistics /
Statement of responsibility, etc. Stanton A. Glantz.
250 ## - EDITION STATEMENT
Edition statement 7th ed.
260 ## - PUBLICATION, DISTRIBUTION, ETC. (IMPRINT)
Place of publication, distribution, etc. New York :
Name of publisher, distributor, etc. McGraw-Hill Medical,
Date of publication, distribution, etc. 2012.
300 ## - PHYSICAL DESCRIPTION
Extent xiv, 306 p. +
Accompanying material 1 CD ROM.
650 #0 - SUBJECT ADDED ENTRY--TOPICAL TERM
Topical term or geographic name as entry element Medical statistics.
-- 0000178378
650 #0 - SUBJECT ADDED ENTRY--TOPICAL TERM
Topical term or geographic name as entry element Biometry.
-- 0000155248
852 1# - LOCATION
-- p5403 KES
908 ## - PUT COMMAND PARAMETER (RLIN)
Put command parameter 130912
950 ## - LOCAL HOLDINGS (RLIN)
-- 1
Holdings
Withdrawn status Lost status Source of classification or shelving scheme Not for loan Home library Current library Date acquired Total Checkouts Total Renewals Full call number Barcode Date last seen Date last checked out Price effective from Koha item type
    Library of Congress Classification   Kabarak, Main Campus Kabarak, Main Campus 17/12/2015 5 1 RA409 .G53 2012 c. 1 016112 05/12/2024 09/09/2024 17/12/2015 General Collection